=LDR 00000nam 2200000 4500 =001 INLIS000000000036422 =005 20140904151025.0 =006 =007 =008 Ind =035 ##$$a 0010-061300000036422 =041 ##$$a Ind =082 ##$$a 616.462 =090 ##$$a 616.462, Tan s =100 ##$$a Tandra, Hans =245 ##$$a Segala sesuatu yang harus anda ketahui tentang diabetes, tanya jawab lengkap dengan ahlinya, Hans Tandra =260 ##$$a 2009 $b Jakarta =300 ##$$a 118 hlm, 20 cm =650 ##$$a Diabetes =850 ##$$a NBPNMAT =990 ##$$a 21400613/BPAP-NTB/20142014 =990 ##$$a 21400613/BPAP-NTB/20142014